000 00751nam a2200229 a 4500
003 CBULib
005 20240806133558.0
008 180911s2016 ||||||||||||||||| || u
040 _aCBULIB
_bEnglish
_cCBULib
_erda
041 _aeng
050 _aUNCTAD(058)TDRO/2016
110 _aUnited Nations Conference on Trade and Development (UNCTAD)
245 1 0 _aTrade and Development Report, 2016 : overview
_c/ by United Nations Conference on Trade And Development (UNCTAD)
260 _aNew York :
_bUnited Nations,
_c2016
300 _a30 pages
336 _2rdacontent
_aText |
_btxt
337 _2rdamedia
_aUnmediated |
_bn
338 _2rdacarrier
_aVolume
_bnc
650 _aGLOBAL ECONOMY
650 _aDEVELOPING COUNTRIES
942 _2mc
_c029
999 _c81378
_d81378